00988nam a22002897a 4500003000500000005001700005008004100022010001000063011001000073035001000083040000900093082001600102100003100118245007000149260004000219300001900259590004100278590004100319590004200360650004800402700002900450901000700479942001000486949005300496999001700549952013200566CHAP20220329134043.0971013s1968 r 00010 d a14717 a15689 a19765 cCHAP a025.172bG600aGould, Geraldine N.950116 aHow to organize and maintain the library Picturec/ pamphlet file aDobbs Ferry, N.Y., :bOceana,c1968 a146 p.b: ilus aBATCH-UPDb10c20130109lUCH01h2313 aBATCH-UPDb10c20130110lUCH01h1941 aCONVERSIONb10c20130109lUCH01h130914aBibliotecasxColecciones especiales.9125020 aWolfe, Ithmer C.9122446 aBK cLIBRO a025.172 G6bBCcBd-46169eBh60660i19765mDsi c14717d14717 00104053708BaBCbBCcPA_BIBd2019-12-31fLIBROi127l0o025.172 G6p33724002498702r2019-12-31 00:00:00w2019-12-31yLIBRO